| 000 | 00668nam a22002057a 4500 | ||
|---|---|---|---|
| 003 | OSt | ||
| 005 | 20260122054847.0 | ||
| 008 | 260122b |||||||| |||| 00| 0 eng d | ||
| 020 | _a0-7817-4049-5. | ||
| 040 |
_aDWCL-Main lib _cOC |
||
| 082 |
_22nd edition _aCirc. 610.7368 V652p 2001 |
||
| 100 | _aVidebeck, Shiela L. | ||
| 245 |
_aPsychiatric mental health nursing _cVidebeck, SShiela L. |
||
| 260 |
_aLippincott : _bWilliams & Wilkins, _cc2001. |
||
| 300 |
_axv, 592 pages : _bcolored illustration ; _c27 cm. |
||
| 650 | _21. Mental illness-Nursing. | ||
| 650 | _22. Psychiatric nursing. | ||
| 700 | _aMiller, Cathy J. | ||
| 942 |
_2ddc _cBK-CIRC _e2nd ed. _kCirc. _n0 |
||
| 999 |
_c7700 _d7700 |
||